00608cam a22002177a 4500003000500000005001700005008004100022010000900063011000900072035000900081040000900090082001500099100002200114245007300136260005300209300003100262650001600293650003700309650002500346700001900371CHAP20220329133414.0971013s1992 enka r 00010 eng d a6005 a6977 a6200 cCHAP04a632.96bL600aLomer, C. J.eed.10aBiological control of locusts and grasshoppersb: proceedings of ... aWallingford, England :bCAB International,c1992 a394 p.b: mapas : gráfs.14aChapulines.14aControl biológico de insectos.14aLangosta como plaga.0 aPrior, C.eed.